000 00197 a2200097 4500
001 27892
100 _aHamlyn,
245 _aLots of things to know
260 _a
_bHamlyn
_c
090 _c18629
_d18629
942 _aNUST-CAE
_cM
_c9590
999 _c262965
_d262965